| 000 | 01357nam a22002417a 4500 | ||
|---|---|---|---|
| 999 |
_c62093 _d62093 |
||
| 003 | Ge_BSU | ||
| 005 | 20240708162445.0 | ||
| 008 | 240708s2023 ge ||||| |||| 00| 0 geo d | ||
| 020 | _a9789941852152 | ||
| 041 | _ageo | ||
| 080 | _a339.7(075.8)ს-21 | ||
| 100 |
_aსამჭკუაშვილი, ნინო _eავტორი. _922761 |
||
| 245 |
_aსაერთაშორისო ფინანსები : _b (სახელმძღვანელო) / _cნინო სამჭკუაშვილი, ვალერი მოსიაშვილი ; მეცნიერ რედაქტორი გიორგი ცაავა. |
||
| 264 |
_aთბილისი : _b ეკგი, _c2023. |
||
| 300 |
_a368 გვ. : _bნახ. ; _c20 სმ. |
||
| 504 | _aბიბლიოგრაფია ტექსტის შენიშვნებში და გვ. 349-364. | ||
| 546 | _aთავფურცლის მე-2 გვერდი ინგლისურ ენაზე. | ||
| 653 | _aსაერთაშორისო ფინანსები | ||
| 653 | _aეკონომიკა | ||
| 700 |
_aმოსიაშვილი, ვალერი _913903 |
||
| 700 |
_aცაავა, გიორგი _eრედაქტორი _913902 |
||
| 942 |
_2udc _cᲬᲘᲒᲜᲘ |
||